000 01022nam a22002057a 4500
999 _c63064
_d63064
003 Ge_BSU
005 20250528150243.0
008 250528s2022 ge ||||| |||| 00| 0 geo d
020 _a9789941843839
041 _ageo
080 _a1(430) ნ-75
100 _aნიცშე, ფრიდრიხ
_925155
245 _aტრაგედიის დაბადება მუსიკის სულიდან = Die Geburt der Tragödie aus dem Geiste der Musik /
_cფრიდრიხ ნიცშე; მთარგმნელი ვახტანგ გორგიშელი.
250 _aმე-2 გამოცემა.
264 _aთბილისი :
_bაქტი,
_c2022.
300 _a190 გვ. ;
_b 20 სმ.
653 _aგერმანული ფილოსოფია
700 _aგორგიშელი, ვახტანგ
_eმთარგმნელი, წინასიტყვაობის ავტორი
_913944
942 _2udc
_cᲬᲘᲒᲜᲘ